Lost for Words: Compound Words Quiz Stats

 Plays Quiz Updated Sep 7, 2018

Score 0/23 Timer 04:00
2 Plays Today
Question Answer Wrong Answers
Pony, Tail Ponytail
95%
Horseshoes
2.9%
Swordtail
1.1%
Fire, Crackers Firecrackers
94.5%
Microchips
1.1%
Hotcakes
0.6%
Cross, Bow Crossbow
94.3%
Crossword
1.3%
Crossstitch
1.1%
Honey, Moon Honeymoon
93.9%
Honeysuckle
3.6%
Moonstone
1.8%
Sun, Dial Sundial
93.1%
Starbucks
1%
Sundae
2.2%
Space Shuttle, Cock (Rooster) Shuttlecock
92.4%
Flyswatter
2.2%
Shipwreck
4.2%
Shoe, (French) Horn Shoehorn
91.7%
Stepladder
1.4%
Footprints
1.6%
Bag, Pipes Bagpipes
91.6%
Cornpipe
4.8%
Bagels
0.9%
Sting, Ray Charles Stingray
91.6%
Policeman
2.4%
X-Ray
4.1%
Lime, (Sharon) Stone Limestone
90.8%
Fruitfly
3.4%
Shamrock
2.1%
Cat, Walk Catwalk
89.4%
Cattails
2%
Boardwalk
2.9%
Ham, String Hamstring
89%
Hamster
4.2%
Tightrope
4.3%
Grass, (Dennis) Hopper Grasshopper
88.7%
Lawnmower
4.4%
Greenfinch
2.9%
Head, Lights/Lamps Headlights/Headlamps
88.3%
Hairspray
3.6%
Flashlight
4.8%
Tooth, Pick Toothpick
88.2%
Sharkfin
4.3%
Toothbrush
2.5%
Black, (Car) Jack Blackjack
84.8%
Blackfly
1.4%
Blacksmith
6.8%
(Throwing a) Pass, Port Passport
83.1%
Throw Rug
6.8%
Ultrasound
4.6%
Snap (fingers), Dragon Snapdragon
79.5%
Campfire
4.8%
Seadragon
9%
Dog, Wood Dogwood
79.4%
Puppetry
8.5%
Pupation
6%
Back, (Outer) Space Backspace
75.6%
Backgammon
16.4%
Seastar
3.4%
Bell, Hops Bellhops
73.9%
Ringtail
2.9%
Bluebell
13.5%
Car, Go (green light) Cargo
67.4%
Evergreen
18.9%
Cardinal
4.7%
(Great) Wall, Eye Walleye
60.4%
Wallaby
22.4%
Bullseye
14.2%

You're not logged in!

Compare scores with friends on all Sporcle quizzes.
OR
Log In

Sporcle TV

Today on Sporcle TV


Watch our educational content, quiz creation guides, and fun videos on Sporcle TV.

Show Comments

Extras

Top Quizzes Today


Score Distribution

Your Account Isn't Verified!

In order to create a playlist on Sporcle, you need to verify the email address you used during registration. Go to your Sporcle Settings to finish the process.

Report this User

Report this user for behavior that violates our Community Guidelines.

Details: